000 01026nam a2200253 a 4500
001 39428
003 BD-RjUL
005 20211209053005.0
008 160410r20112000bg ||||| |||| 001 0 ben d
020 _a9789845060622
_c: TK. 500.00
035 _a(BD-RjUL)39541
040 _aBD-RjUL
_bben
_cBD-RjUL
041 _aben
082 _223
_a320.54091749144
_bCHB 2011
100 _aচৌধুরী, সিরাজুল ইসলাম
_9121228
245 1 0 _aবাঙালীর জাতীয়তাবাদ /
_cসিরাজুল ইসলাম চৌধুরী
250 _aপরিবর্ধিত তৃতীয় সং.
260 _aঢাকা :
_bদি ইউনিভার্সিটি প্রেস,
_c২০১১
300 _axxiv, ৪৭২ পৃ. ;
_c২২ সেমি.
500 _aতথ্যপঞ্জি ও নির্ঘন্ট সংযুক্ত
650 _aজাতীয়তাবাদ
_9121547
650 _aNationalism
_9121548
942 _2ddc
_cBK
_01
999 _c39428
_d39428